000 01027nam a22003137a 4500
003 CHAP
005 20220329133941.0
008 971013s1977 r 00010 d
010 _a13107
011 _a14079
035 _a18152
040 _cCHAP
082 _a636.08
_bH4 1977
100 0 0 _aHelman, Mauricio B.
_953464
245 _aGanadería tropical
250 _a2 ed.
260 _aBuenos Aires :
_bAteneo,
_c1977
300 _a622 p.
_b: láms. ; ilus. ; gráfs.
590 _aBATCH-UPD
_b10
_c20130110
_lUCH01
_h1437
590 _aBATCH-UPD
_b10
_c20130410
_lUCH01
_h0911
590 _aBATCH-UPD
_b10
_c20130914
_lUCH01
_h1456
590 _aCONVERSION
_b10
_c20130109
_lUCH01
_h1309
650 1 4 _aGanadería
_xTrópicos.
_944856
901 _aBK
942 _cLIBRO
949 _a636.08 H4 1977
_bBC
_cLIBRO
_d33724000273637
_eLIBRO
_h46775
_i18152
_si
949 _a636.08 H4 1977
_bBC
_cLIBRO
_d33724000574406
_eLIBRO
_fc.3
_h46777
_i18152
_si
949 _a636.08 H4 1977
_bBC
_cLIBRO
_d33724000678447
_eLIBRO
_fc.2
_h46776
_i18152
_si
999 _c13107
_d13107